The Good struggle : responsible leadership in an unforgiving world.
| Main Author: | |
|---|---|
| Format: | Book |
| Published: |
Boston, Massachusetts:
Harvard Business Review Press,
2013.
|
| Subjects: |
| LEADER | 00516cam a2200157 7i4500 | ||
|---|---|---|---|
| 001 | 0000031687 | ||
| 005 | 20150205090000.0 | ||
| 020 | 0 | 0 | |a 9781422191644 |
| 090 | 0 | 0 | |a B 658.4092 |b BAD |
| 100 | 1 | 0 | |a Badaracco, Joseph L. |
| 245 | 1 | 4 | |a The Good struggle : |b responsible leadership in an unforgiving world. |
| 260 | 0 | 0 | |a Boston, Massachusetts: |b Harvard Business Review Press, |c 2013. |
| 300 | # | # | |a 203 p. |
| 650 | 0 | 0 | |a Leadership |
| 650 | 0 | 0 | |a Social responsibility of business |
| 999 | |a B000035118 |b Book |c Book |e Business Information Centre | ||


